| 000 | 00601nam a2200205Ia 4500 | ||
|---|---|---|---|
| 005 | 20250508154259.0 | ||
| 008 | 008 250505s9999 xx 000 0 eng d | ||
| 037 | _aTextual | ||
| 040 |
_aFEDL _beng _cFEDL |
||
| 041 |
_aeng _2eng |
||
| 084 |
_a371.26, CHA _qFEDL |
||
| 100 | _aChauncey Henry | ||
| 245 | 0 | _aTesting its place in education today | |
| 260 |
_aNew York, USA _bHarper and Row Publishers _c1963 |
||
| 300 | _axi,223p. | ||
| 650 | _aEducational - Texts and Measurement | ||
| 700 |
_a Dobbin John E _9765229 |
||
| 942 |
_cTEXL _h371.26, CHA |
||
| 999 |
_c1349337 _d1349337 |
||